Statistics for Guess the FNAF Character by the Quote #3

Click here to take the quiz!

General Stats

  • This quiz has been taken 40 times
  • The average score is 7 of 12

Answer Stats

HintAnswer% Correct
"Go back to your stage, everything is okay!"Bon-Bon
79%
"Daddy, didn't you make her just for me?"Elizabeth Afton
79%
"Rock and roll!"Montgomery Gator
79%
"Hello, hello!"Phone Guy
75%
"Arghhh! So much more spacious in here!"Foxy
71%
"Thought you could fool me with that sign"Rockstar Chica
68%
"Let's go somewhere more private..."Toy Chica
61%
"I see you hiding in the dark over there!"Funtime Freddy
54%
"Thanks for letting me join the pa-a-arty..."Molten Freddy
46%
"He tried to release you. He tried to release us."Orville Elephant
43%
"Are we having a slumber party?"Sundrop
36%
:I knew it was a lie the moment I heard it"William Afton
32%

Score Distribution

Percentile by Number Answered

Percent of People with Each Score

Your Score History

You have not taken this quiz